000 01787cam a22003011i 4500
003 SA-RiAUC
005 20250924050805.0
008 250810s2004 le g 00010dara c
040 _aSA-RiAUC
_bara
_cSA-RiAUC
_erda
082 0 4 _a953.023
_qSA-RiAUC
090 _a953.023
_bن ع م
100 0 _a النعماني، شبلي.
_d1274-1332 هجري
_eمؤلف.
245 1 0 _aحكومة عمر بن الخطاب /
_cشبلي النعماني ؛ تحقيق وتعليق صباح ياسين الأعظمي.
250 _aالطبعة الأولى.
264 1 _aبيروت :
_bالدار العربية للموسوعات،
_c2004.
300 _a232 صفحة ؛
_c24 سم
336 _aنص
_btxt
_2rdacontent
_3كتاب
337 _aبدون وسيط
_bn
_2rdamedia
338 _aمجلد
_bnc
_2rdacarrier
504 _aيشتمل على إرجاعات ببليوجرافية.
520 3 _aيتضمن الكتاب أهم الإنجازات التي قام بها عمر بن الخطاب رضي الله عنه وهي تعيين الولاة والتنظيمات الإدارية والعسكرية وحقوق أهل الذمة والسياسة الداخلية والخارجية وبيت المال ومصادر الواردات والعمران والتشكيلات العلمية والدينية والكفاح للقضاء على الرق.
600 0 7 _aعمر بن الخطاب بن نفيل القرشي،
_d40 قبل الهجرة-23 هجري
_2aucnm
650 7 _aالتاريخ الإسلامي
_yعصر صدر الإسلام
_2aucsh
650 7 _aالنظام الإداري في الإسلام
_yعصر صدر الإسلام
_2aucsh
700 1 _aالأعظمي، صباح ياسين
_eمحقق.
942 _2ddc
_cBOOK
_n0
949 _aSA-JeALM
_d250810
_umohamedma123
_n1
999 _c12066
_d12066